000 00343nam a2200133Ia 4500
008 240624s9999 xx 000 0 und d
041 _aeng
082 _a650.1 DRU
100 _aDRUCKER PETER FERDINAND
245 _aMANAGING ONESELF
260 _c2008
_aBoston
_bHarvard Business School Press
300 _a64 : p. : cm. ; 16
365 _c
_b30
999 _c11154
_d11154